000 00275nam a22001337a 4500
008 170522b xxu||||| |||| 00| 0 eng d
020 _a1421
041 _aeng
080 _a94(100)
100 _a16
101 _aSHH
245 _aTHE EARTH
_cDUNBAR, C.O
942 _2udc
_cBK
999 _c13683
_d13683